01884nam a22003377a 4500999001500000001000600015003000900021005001700030008004100047020001800088040002800106082001900134100002400153245009400177250001200271260005100283300004900334504005100383650002400434700002300458942001200481952011700493952011700610952011700727952011700844952011700961952011701078952011701195952011701312952011701429 c6777d677718041BD-DhUAP20210107111839.0201223r20122011ii a b 000 0 eng  a9788131731819 aDLCcDLCdBD-DhUAPbeng00a658.83 MAL223 aMalhotra, Naresh K. aMarketing research : ban applied orientation /cNaresh K. Malhotra and Satyabhusan Dash. a6th ed. aNew Delhi :bPearson,cc2011 [Reprinted 2012]. axxviii, 948 pages :billustrations ;c27 cm. aIncludes bibliographical references and index. aMarketing research. aDash, Satyabhusan. 2ddccBK 00102ddc4070aUAPCLbDBASLcGeneral Stacksd2021-01-07o658.83 MALp3010018041r2021-01-07t1w2021-01-07yBK 00102ddc4070aUAPCLbDBASLcGeneral Stacksd2021-01-07o658.83 MALp3010018044r2021-01-07t2w2021-01-07yBK 00102ddc4070aUAPCLbDBASLcGeneral Stacksd2021-01-07o658.83 MALp3010018039r2021-01-07t3w2021-01-07yBK 00102ddc4070aUAPCLbDBASLcGeneral Stacksd2021-01-07o658.83 MALp3010018043r2021-01-07t4w2021-01-07yBK 00102ddc4070aUAPCLbDBASLcGeneral Stacksd2021-01-07o658.83 MALp3010018037r2021-01-07t5w2021-01-07yBK 00102ddc4070aUAPCLbDBASLcGeneral Stacksd2021-01-07o658.83 MALp3010018045r2021-01-07t6w2021-01-07yBK 00102ddc4070aUAPCLbDBASLcGeneral Stacksd2021-01-07o658.83 MALp3010018036r2021-01-07t7w2021-01-07yBK 00102ddc4070aDBASLbDBASLcGeneral Stacksd2021-01-26o658.83 MALp3010018038r2021-01-26t8w2021-01-26yBK 00102ddc4070aDBASLbDBASLcGeneral Stacksd2021-01-26o658.83 MALp3010018042r2021-01-26t9w2021-01-26yBK